[Event "Turnier 40 / 120"]
[Site "Wien"]
[Date "2023.08.31"]
[Round "17"]
[White "Novag Star Diamond"]
[Black "Mephisto Lyon 68020"]
[Result "0-1"]
[WhiteElo "2161"]
[BlackElo "2172"]
[Annotator "Christian"]
[PlyCount "98"]
[EventDate "2023.??.??"]

{[%evp 0,98,34,32,20,-12,17,27,15,36,43,48,12,15,8,21,22,26,21,-6,12,12,0,-13,-10,2,-14,-19,13,13,-10,17,10,10,7,16,8,13,-1,0,0,0,0,0,-3,-3,3,-10,-10,-10,-7,-20,-16,-20,-22,-8,0,-10,7,-16,-7,-12,-16,-11,-8,-10,-3,-18,-9,-14,-28,-36,-22,-30,-28,-123,-76,-125,-121,-121,-125,-211,-236,-233,-240,-239,-229,-239,-238,-233,-242,-242,-238,-237,-237,-237,-237,-236,-236,-236,-245]} 1. d4 d5 {Runde 17: Damengambit angenommen / Eine Variante mit grossem Buch, die ich persöhnlich noch überhaupt nicht gesehen habe, ist nach Buchende schon im späten Mittelspiel nach kräftigem Abtausch, die Partie verläuft ausgeglichen bis zum Endspiel, mit 36. Se5 ?? vergurkt es dann Star Diamond sofort, nach diesem Zug, ist die Partie sofort verloren, Lyon 68020 spielt nicht ganz optimal weiter, lässt sich das aber nicht mehr nehmen und erzielt seinen ersten Sieg überhaupt mit Schwarz. Lyon 68020 übernimmt wieder die Führung in dieser Staffel und stellt zumindest schon sicher, dass er besser abschneidet als beim 3 : 7 in Staffel 1. / Stand: 10,0 : 7,0 ---> für Novag Star Diamond (58,82 %)} 2. c4 dxc4 3. e4 Nf6 4. e5 Nd5 5. Bxc4 Nb6 6. Bb3 Nc6 7. Nf3 Bg4 8. Bxf7+ Kxf7 9. Ng5+ Ke8 10. Qxg4 Qxd4 11. Qe2 Qxe5 12. Be3 Nd5 13. Nf3 Qf5 14. Nc3 Rd8 15. O-O e6 16. Rfe1 {Buchende} Nxe3 17. Qxe3 {Buchbewertung Novag Star Diamond: -0,23} Bc5 {Buchende} 18. Qxe6+ Qxe6 {Buchbewertung Mephisto Lyon 68020: -0,24 / lt. Stockfish ist die Stellung etwa gleich} 19. Rxe6+ Kd7 20. Rae1 Rhf8 21. R6e2 h6 22. a3 a5 23. Ne4 Bb6 24. Ned2 Kc8 25. Nc4 Bc5 26. Nce5 Nd4 27. Nxd4 Rxd4 28. Kf1 {weniger gut, besser ist g3, Stockfish -0,70} Rf5 {besser ist a4, Stockfish +0,30} 29. Nf3 Rd3 30. Re8+ Rd8 31. R1e4 {weniger gut, besser ist T8e5, Stockfish -0,70} Rfd5 {auch nicht ideal, danach ist die Stellung im Lot, deutlich besser ist Txe8} 32. Rxd8+ Kxd8 33. Ke2 c6 34. Rg4 Rd7 35. Re4 {Remisangebot durch Stellungswiederholung} Kc7 {Lyon 68020 lehnt das Angebot ab} 36. Ne5 $2 {ein Verlustzug, danach ist die Partie bereits klar verloren, Stockfish -3,00, nötig war a4 mit Ausgleich} ({Stockfish dev-20230822-440feecb:} 36. a4 b5 37. b3 Kb6 38. h4 Re7 39. Nd2 Bb4 40. g4 Rd7 41. Nf3 Bc3 42. Re3 Ba1 43. g5 hxg5 44. hxg5 Rd5 45. Rd3 Rf5 46. Rd1 Bb2 47. Rd2 Bc3 48. Rd3 Rc5 49. Rd7 Bb2 50. Rd8 Ba1 51. Rd1 Rc2+ 52. Nd2 Bb2 53. Kd3 Rc3+ 54. Ke2 Rh3 55. Rg1 Bc3 56. Ne4 Be5 {[%eval -19,33] [%wdl 2,986,12]}) 36... Rd4 {der richtige Zug, Lyon 68020 sieht aber noch keinen klaren Gewinn, Bewertung: +0,03} 37. f3 $4 {[%emt 0:00:16] verliert forciert, Stockfish -4,70, deutlich mehr Widerstand leistet noch Tg4, allerdings muss man noch abwarten, denn beide Geräte sehen die Stellung ausgeglichen, verloren ja, aber natürlich wieder einmal nur nach Stockfish} a4 $2 {deutlich schwächer als Txe4, reicht aber zum Gewinn, Stockfish +3,00} 38. Nd3 $2 {ganz schlecht, verliert forciert, Stockfish -5,00, nötig war Ke3} Rxe4+ $1 {richtig, aber Lyon 68020 sieht noch keinen klaren Gewinn, Bewertung: +0,24} 39. fxe4 {auch Novag Star Diamond macht sich noch keine übertriebenen Sorgen, Bewertung: -0,19} Bd4 40. e5 c5 41. Kd2 c4 42. Nf4 Bxb2 43. Nd5+ Kc6 44. e6 Bxa3 45. e7 Kd7 46. Nb6+ Kxe7 47. Kc3 {also hier müssen bei Novag Star Diamond alle Sicherungen durchgebrannt sein, unglaublich: Bewertung: -0,15 ??????} Bd6 {Lyon 68020: +2,03 / Stockfish +7,00} 48. Kxc4 {Novag Star Diamond: -0,73 ???} a3 {Lyon 68020: +2,24} 49. Kb3 {erst jetzt erwacht Star Diamond: -2,03} Bxh2 {Rest geschenkt} 0-1

[Event "Turnier 40 / 120"]
[Site "Wien"]
[Date "2023.09.01"]
[Round "18"]
[White "Mephisto Lyon 68020"]
[Black "Novag Star Diamond"]
[Result "0-1"]
[WhiteElo "2172"]
[BlackElo "2161"]
[Annotator "Christian"]
[PlyCount "139"]
[EventDate "2023.??.??"]

{[%evp 0,139,19,38,40,41,66,66,57,33,33,27,50,61,74,41,28,1,56,30,8,-6,-3,-12,-37,-161,-25,-26,-64,0,15,-28,6,-6,3,-102,-110,-110,-98,-129,-156,-129,-118,-144,-134,-164,-73,-172,-175,-157,-169,-161,-135,-140,-131,-160,-165,-198,-203,-197,-202,-203,-192,-192,-201,-267,-240,-261,-253,-258,-266,-264,-259,-255,-265,-262,-247,-240,-237,-243,-227,-235,-247,-254,-254,-268,-246,-269,-269,-258,-265,-258,-274,-274,-274,-277,-277,-277,-285,-281,-288,-290,-277,-295,-298,-331,-293,-282,-294,-359,-384,-406,-459,-526,-435,-541,-541,-962,-521,-559,-588,-738,-636,-720,-795,-813,-1003,-1057,-1118,-1166,-1067,-1177,-1145,-1145,-1088,-1151,-1248,-1343,-1406,-1462,-1474,-1562]} 1. e4 c5 {Runde 18: Sizilianisch, Najdorf-Variante / Eine für mich noch unbekannte Variante in der Schwarz zunächst eine Figur bekommt, diese jedoch zurück geben muss, in dieser komplizierten Stellung hat Novag Star Diamond den klar besseren Überblick und entscheidet diese Partie zu seinen Gunsten, er gleicht somit wieder die Staffel aus und stellt den ursprünglichen 4-Punkte Vorsprung nach Staffel 1 wieder her. / Stand: 11,0 : 7,0 ---> für Novag Star Diamond (61,11 %)} 2. Nf3 d6 3. d4 cxd4 4. Nxd4 Nf6 5. Nc3 a6 6. Bg5 e6 7. f4 Be7 8. Qf3 Qc7 9. O-O-O Nbd7 10. Bd3 h6 11. h4 Nc5 12. f5 hxg5 {***BUCHENDE***} 13. hxg5 Rxh1 {Buchbewertung Novag Star Diamond: +3,19 ???, da liegt er aber völlig daneben, das ist alles noch Theorie und die Stellung zu diesem Zeitpunkt ist exakt im Lot, Stockfish 0,00} 14. Rxh1 Ng8 15. f6 {***BUCHENDE***} Nxd3+ {Lyon 68020 hatte noch Sxf6 im Buch, was auch Stockfish 16 vorgeschlagen hatte, aber die Stellung ist auch nach dem Textzug im Lot} 16. cxd3 {Buchbewertung Lyon 68020: -2,06 ??, naja er hat ja eine Figur weniger ist nicht unverständlich, dafür fehlt halt die Rechnentiefe, Stockfish 0,00} Nxf6 {Star Diamond erkennt, dass die Figur nicht zu halten ist und gibt sie gleich zurück, ist ok obwohl Stockfish 16 Lf8 vorschlug, aber auch der Textzug ist nicht schlechter} 17. gxf6 $2 {Mephisto Lyon 68020: -0,57, das ist aber zu gierig, ein schlechter Zug, danach ist Schwarz klar im Vorteil, Stockfish -1,50, nötig war Th8+ mit Ausgleich} Bxf6 {Star Diamond: +1,96 damit hat er recht, Stockfish +1,80} 18. Nde2 {etwas besser ist noch Sb3, Stockfish -2,20} Ke7 $2 {ein schlechter Zug, das ist nicht konsequent, halbiert den Vorteil von Schwarz, Stockfish +1,10, deutlich stärker ist b5} 19. Qf2 $4 {ein Verlustzug, Stockfish -2,40, nötig war entweder Kb1 oder d4} Bd7 20. Kb1 Rc8 $2 {ein schwacher Zug, Stockfish +1,60, deutlich stärker ist b5} 21. g4 {besser ist a3, Stockfish -1,90} b5 22. Rc1 $2 {immer noch war a3 die klar bessere Wahl, Stockfish -2,80} Qb8 $4 {ein grottenschlechter Zug, der ca. 1,8 Bauerneinheiten !! einstellt, danach bekommt Weiss Gegenspiel mit der Fortsetzung e5 !!, aber gut das wird Lyon 68020 natürlich nicht sehen, e5 kann ja einfach vom Läufer genommen werden, die nötige Rechentiefe um hier Gegenspiel zu erkennen ist einfach unmöglich für Lyon 68020, so fair muss man sein, um das zu sagen, nötig war Db7, Stockfish +1,00} 23. Nd4 $2 {naja war ja klar, aber wie gesagt, e5 ! ist eine zu harte Nuss für einen Oldie, ändert aber nichts an der Tatsache, dass dies ein Verlustzug ist, danach ist die Partie klar verloren, Stockfish -3,30} ({Stockfish dev-20230822-440feecb:} 23. e5 Bxe5 24. d4 Bf6 25. Rf1 Be8 26. Ne4 Qa8 27. Nxf6 gxf6 28. Qxf6+ Kd7 29. Qf4 Qg2 30. Nc3 Rc4 31. Rc1 Qh3 32. Rd1 Qh7+ 33. Ka1 e5 34. Qf3 Rxd4 35. Rh1 e4 36. Qg2 Qg7 37. Nxe4 Kc7 38. Rc1+ Bc6 39. Qf2 Kb7 40. Nd2 Rxg4 41. Re1 Qd4 42. Qxf7+ Kb6 43. Nb1 Rg2 44. Qb3 Bd5 45. Qc3 Qxc3 46. Nxc3 Bg8 47. Rd1 d5 48. a4 Kc5 49. axb5 axb5 50. Rc1 Bh7 51. Ne4+ Kb4 52. Nf6 Bg8 53. Rd1 Kc4 54. Rc1+ Kd3 {[%eval -106,33] [%wdl 0,388,612]}) 23... b4 24. Nce2 Rxc1+ 25. Nxc1 Ke8 $2 {ein schwacher Zug, deutlich besser ist g6, dennoch steht Schwarz klar auf Gewinn, Stockfish +2,70} 26. Nf3 Qb5 {immer noch war g6 die bessere Wahl, aber Schwarz bleibt klar im Vorteil, Stockfish +2,50} 27. Qg3 $2 {besser ist Sd2, Stockfish -3,10} Qc5 28. d4 $2 {verliert forciert, Stockfish -4,50, deutlich mehr Widerstand leistet noch De1} Bxd4 29. Nb3 Bf2 30. Nxc5 Bxg3 31. Nxa6 b3 $1 32. Nd4 Bc8 33. Nc7+ Kd7 34. Ncb5 bxa2+ 35. Kxa2 Ba6 36. Nc3 Be5 37. Nde2 Kc6 38. Kb3 Bxc3 39. Nxc3 Bd3 40. Ka4 Kc5 41. b4+ Kd4 42. Nb5+ Bxb5+ 43. Kxb5 Kxe4 44. Kc6 d5 45. b5 d4 46. b6 d3 47. b7 d2 48. b8=Q d1=Q 49. Qg8 Qd5+ 50. Kb6 Qd6+ 51. Kb5 Qd7+ 52. Kb6 f6 {deutlich stärker ist g5, aber natürlich gewinnt auch das leicht, Stockfish +7,00} 53. g5 f5 54. g6 f4 55. Qf7 Qd6+ 56. Ka7 Qe5 57. Kb7 f3 58. Ka8 Ke3 {[%emt 0:00:22] Stockfish Matt in} 59. Qa7+ Qd4 60. Qa3+ Kf4 61. Qc1+ Kf5 62. Kb7 f2 63. Kc8 e5 64. Qf1 Kf6 65. Qe2 Ke7 66. Kb7 e4 67. Kc8 Qd7+ 68. Kb8 Qf5 69. Qf1 e3 70. Qa1 {Mephisto Lyon 68020: -10,0 --- aufgegeben} 0-1

[Event "Turnier 40 / 120"]
[Site "Wien"]
[Date "2023.09.03"]
[Round "19"]
[White "Novag Star Diamond"]
[Black "Mephisto Lyon 68020"]
[Result "1-0"]
[WhiteElo "2161"]
[BlackElo "2172"]
[Annotator "Christian"]
[PlyCount "93"]
[EventDate "2023.??.??"]

{[%evp 0,93,19,-24,-27,-27,-24,-29,-41,-34,-15,-25,-17,-14,-10,-19,-17,-23,2,-26,-1,-2,5,-25,17,43,34,17,56,46,85,93,103,80,92,95,84,46,64,83,84,84,90,90,93,95,95,109,95,94,107,107,109,116,109,130,126,113,116,119,114,100,125,80,77,90,77,81,77,77,94,105,100,104,106,106,106,118,133,145,152,241,239,289,294,222,243,249,252,401,422,454,618,804,891,928]} 1. f4 d5 {Runde 19: Bird Eröffnung / Ein kompliziertes Mittelspiel für beide Geräte mit Vorteilen für Novag Star Diamond, der in ein Turmendspiel mit einem Mehrbauern und allen 4 Türmen kommt, naturgemäss wird dieses nicht optimal behandelt von beiden Geräten, letztlich werden alle Türme getauscht und Lyon 68020 lenkt mit 34. Te7 ?? in ein hoffnungsloses Bauernendspiel ein indem er den Turm zum Abtausch anbietet, aber hier fehlt es einfach an der nötigen Rechentiefe um den Verlust klar zu sehen, für einen Oldie ist es an dieser Stelle nur ein Minusbauer. Damit übernimmt Star Diamond die Führung in dieser Staffel und kann sie nicht mehr verlieren. / Stand: 12,0 : 7,0 ----> für Novag Star Diamond (63,16 %)} 2. Nf3 Nf6 3. e3 Bg4 4. h3 Bxf3 5. Qxf3 {Buchende} Nc6 {Buchende} 6. Bb5 {Buchbewertung Novag Star Diamond: +1,26 ??? / überschätzt sich hier masslos lt. Stockfish ist die Stellung exakt im Lot 0,00} e6 {Buchbewertung Mephisto Lyon 68020: +0,03} 7. Nc3 {Novag Star Diamond wird vernünftiger: +0,61 / aber immer noch zu opitimistisch, die Stellung ist im Lot, Stockfish 0,00} Bb4 8. O-O {Novag Star Diamond: +0,46, nähert sich der Realität} Qd6 9. d4 {Novag Star Diamond: +0,30 / ein schwacher Zug da irrt er sich, danach steht Schwarz bereits etwas besser, Stockfish -0,60, besser ist Se2 mit Ausgleich} Ba5 $2 {so aber nicht, danach steht Weiss knapp besser mit ca. +0,20, deutlich besser ist Lxc3} 10. Bd2 O-O 11. a3 Ne7 12. Bd3 a6 13. Rf2 Bb6 14. Na4 c5 $2 {ein schlechter Zug, danach steht Weiss klar besser, Stockfish -1,20, nötig war La7 mit nur geringem Vorteil für Weiss mit ca. -0,20} ({Stockfish dev-20230822-440feecb:} 14... Ba7 15. Bb4 Qd7 16. Nc5 Bxc5 17. Bxc5 b6 18. Bb4 a5 19. Be1 Nf5 20. c4 Nd6 21. Rc2 dxc4 22. Bxc4 Nxc4 23. Rxc4 Qb5 24. Rc2 Qb3 25. Rac1 Nd5 26. e4 Qxf3 27. gxf3 Nxf4 28. Bg3 g5 29. h4 f5 30. Bxf4 gxf4 31. exf5 Rxf5 32. Rxc7 Rd8 33. Rb7 Rf7 34. Rxb6 Rxd4 35. Rxe6 Rd2 36. Re8+ Kg7 37. Rb8 {[%eval 33,31]}) 15. Bc3 $2 {ein schlechter Zug, der nahezu den gesamten Vorteil verspielt, Stockfish +0,20, klaren Vorteil versprach dxc5} Rac8 $2 {ein schlechter Zug, der Weiss wieder klar in Vorteil bringt, Stockfish -1,40, nötig war Sd7} 16. Nxb6 Qxb6 17. dxc5 Qxc5 18. Bd4 {nicht optimal, besser ist Dg3, Stockfish +1,10} Qc7 19. Bxf6 gxf6 20. Qg4+ Kh8 $2 {bei nur 2 Zugmöglichkeiten, klar die falsche Option, Stockfish -1,80, deutlich besser ist Sg6} 21. Qh4 f5 22. Qf6+ Kg8 23. g4 fxg4 24. hxg4 Ng6 25. Bxg6 fxg6 26. Qxe6+ Qf7 27. Qxf7+ Rxf7 28. Rd1 Re7 {Mephisto Lyon 68020: -1,18 / lt. Stockfish ist die Stellung klar gewonnen für Weiss, -2,80, allerdings bleibt das noch abzuwarten, momentan hat ja Weiss nur einen Mehrbauern} 29. Rd3 {Novag Star Diamond: +1,50} Rce8 30. Re2 $4 {ein ganz schlechter Zug, der den Vorteil von Weiss halbiert, Stockfish +1,50, nötig war Tf3 mit ca. +3,00} Re4 $2 {Lyon 68020 verwirft im letzten Moment den klar stärken Zug g5 wegen einer Bewertungsdifferenz von -0,03, das ist auch Pech, Stockfish -2,40} 31. Rxd5 Rxf4 32. exf4 Rxe2 33. Rd8+ Kf7 34. Rd7+ Re7 $2 {naja, das braucht man nicht lange zu erklären, danach ist natürlich alles aus, Stockfish -11,00, aber gut für einen Oldie ist es halt nur ein Minusbauer, um hier schon den Verlust zu sehen fehlt es einfach an der nötigen Rechentiefe, nach dem Turmtausch ist das Bauernendspiel natürlich hoffnungslos für Schwarz} 35. Rxe7+ Kxe7 36. g5 $1 Ke6 37. Kf2 Kd5 38. Ke3 a5 39. a4 b6 40. Kd3 Kc5 {[%emt 0:00:26] Stockfish Matt in} 41. Ke4 Kd6 42. c3 Ke6 43. c4 Kd6 44. Kd4 Ke6 45. c5 bxc5+ 46. Kxc5 Kd7 47. Kb6 {Rest geschenkt} 1-0

[Event "Turnier 40 / 120"]
[Site "Wien"]
[Date "2023.09.04"]
[Round "20"]
[White "Mephisto Lyon 68020"]
[Black "Novag Star Diamond"]
[Result "1/2-1/2"]
[WhiteElo "2172"]
[BlackElo "2161"]
[Annotator "Christian"]
[PlyCount "124"]
[EventDate "2023.??.??"]

{[%evp 0,31,14,30,29,29,29,13,13,18,48,11,9,1,3,-7,9,13,5,6,34,31,25,1,1,-5,24,-46,-21,-27,-36,-35,-35,-43]} 1. d4 Nf6 {Runde 20: Damenbauernspiel London / Dazu braucht man nicht viel zu kommentieren, eine fehlerfreie Partie beider Geräte endet mit einem leistungsgerechten Remis, dazu kann man nur gratulieren. Eine klare Leistungssteigerung von Lyon 68020 zur ersten Staffel, allerdings geht auch Staffel 2 an Novag Star Diamond, der den Vorsprung um einen weiteren Punkt vergrössert. Von einer Vorentscheidung zu sprechen ist wahrscheinlich noch zu früh, aber 5 Punkte Vorsprung machen Novag Star Diamond zumindest meiner Meinung nach zum Favoriten auf den Gesamtsieg, der Druck auf Lyon 68020 wächst, wenn er da noch ein Wörtchen um den Gesamtsieg mitreden will muss er wohl die nächste Staffel schon gewinnen. / Stand: 12,5 : 7,5 ---> für Novag Star Diamond (62,50 %)} 2. Nf3 d5 3. Bf4 c5 4. e3 {***BUCHENDE***} Nc6 {***BUCHENDE***} 5. dxc5 {Buchbewertung Mephisto Lyon 68020: 0,00} e6 {Buchbewertung Novag Star Diamond: +0,15 / lt. Stockfish ist die Stellung exakt im Lot 0,00} 6. Nbd2 Bxc5 7. c4 Bd6 8. Bxd6 Qxd6 9. cxd5 Nxd5 10. a3 O-O 11. Ne4 Qc7 12. Bd3 f5 13. Ng3 {besser ist S4d2, Stockfish -0,50} ({Stockfish dev-20230822-440feecb:} 13. Ned2 Kh8 14. Bb5 e5 15. Rc1 Nde7 16. O-O a6 17. Ba4 b5 18. Bb3 Qd6 19. e4 Qf6 20. Re1 Bb7 21. exf5 Rad8 22. Bc2 Nd4 23. Nxd4 Rxd4 24. Qe2 Bxg2 25. Kxg2 Qg5+ 26. Kf1 Rxd2 27. Qe3 Qxe3 28. Rxe3 Rc8 29. Rxe5 Rcxc2 30. Rxc2 Rxc2 31. Rxe7 Kg8 32. Re2 Rc1+ 33. Kg2 b4 34. Re6 Rb1 35. Rxa6 Rxb2 36. a4 {[%eval 10,31] [%wdl 9,988,3]}) 13... Rd8 $2 {ein schwacher Zug, der eine ganze Bauerneinheit einbüsst, Stockfish -0,50, deutlich stärker ist f4} ({Stockfish dev-20230822-440feecb:} 13... f4 14. Ne4 fxe3 15. O-O h6 16. Qe2 exf2+ 17. Nxf2 Qb6 18. Qe4 Nf6 19. Qc4 Bd7 20. Rae1 Rae8 21. Qb5 Nd4 22. Qxb6 Nxf3+ 23. gxf3 axb6 24. Ng4 Nd5 25. Ne5 Bc6 26. Be4 Ne7 27. Rc1 Rc8 28. Rfd1 Bxe4 29. fxe4 Rxc1 30. Rxc1 Rc8 31. Rxc8+ Nxc8 32. Kf2 Kf8 33. Ke3 {[%eval -48,32] [%wdl 0,933,67]}) 14. Qb1 {weniger gut, die Stellung ist im Lot, besser ist 0-0} Ne5 15. Nxe5 Qxe5 16. O-O Bd7 17. Qc2 Rac8 18. Qb3 f4 19. exf4 Nxf4 20. Be4 Bc6 21. Bxc6 Rxc6 22. Rad1 Rxd1 23. Rxd1 h6 24. h3 Qc7 25. Qe3 Rc2 26. Qxa7 Rxb2 27. Qa4 Kh7 28. Qd4 Ra2 29. Qe4+ Kh8 30. a4 b6 31. Qd4 Qc2 32. Re1 Qxa4 33. Qxb6 Kh7 34. Qe3 Qc4 35. Rd1 Qc7 36. Rc1 Qd6 37. Qe4+ Ng6 38. Qb1 Qa6 39. Nh5 Qa7 40. Rf1 Ra4 41. Qc2 Qd4 42. Rd1 Qa7 43. Rd2 Ra1+ 44. Kh2 Qb8+ 45. f4 Qa7 46. Re2 Qg1+ 47. Kg3 Ra3+ 48. Kg4 Qb6 49. g3 e5 50. h4 Qb7 51. Rxe5 Qf3+ 52. Kh3 Rd3 53. Nf6+ $1 gxf6 54. Qc7+ Kg8 55. Qc4+ Kg7 56. Qc7+ Kf8 57. Qc5+ Kf7 58. Qc7+ Kg8 59. Qc4+ Kg7 60. Qc7+ Kf8 61. Qc5+ Kf7 62. Qc7+ Kf8 {Eine fehlerfreie Partie beider Geräte, Bravo ! Stellungswiederholung} 1/2-1/2

[Event "Turnier 40 / 120"]
[Site "Wien"]
[Date "2023.09.05"]
[Round "21"]
[White "Novag Star Diamond"]
[Black "Mephisto Lyon 68020"]
[Result "1/2-1/2"]
[WhiteElo "2161"]
[BlackElo "2172"]
[Annotator "Christian"]
[PlyCount "81"]
[EventDate "2023.??.??"]

{[%evp 0,38,22,32,27,-16,4,-5,25,20,15,17,16,27,20,2,5,10,26,12,38,28,44,33,40,36,8,15,10,13,15,24,36,29,26,-21,-15,-4,-23,-14,-21]} 1. d4 Nf6 {Runde 21: Damenindisch, Petrosian Kasparov / Zum Auftakt von Staffel 3 eine sehr gute Leistung beider Geräte mit nur minimalen Ungenauigkeiten endet mit einem leistungsgerechten Remis durch 3x Stellungwiederholung. / Stand: 13,0 : 8,0 ---> für Novag Star Diamond (61,90 %)} 2. c4 e6 3. Nf3 b6 4. a3 Bb7 5. Nc3 d5 6. cxd5 Nxd5 7. Qc2 Nxc3 8. bxc3 c5 9. e4 Nc6 10. Bb2 Be7 11. Rd1 cxd4 12. cxd4 O-O 13. Bd3 Rc8 14. Qe2 Na5 15. O-O Bf6 {***BUCHENDE***} 16. Rfe1 {***BUCHENDE***} Qe7 {Buchbewertung Mephisto Lyon 68020: -0,09} 17. Ba6 {Buchbewertung Novag Star Diamond: +0,23 / lt. Stockfish ist die Stellung etwa gleich, besser ist Sd2 mit leichtem Vorteil für Weiss} Bxa6 18. Qxa6 Rc2 19. Rd2 Qc7 20. Rxc2 Qxc2 21. Qe2 {besser ist e5, Stockfish -0,70} ({Sun SE-avx2:} 21. e5 Bh4 22. Nxh4 Qxb2 23. Nf3 Nc6 24. Qd3 Rd8 25. Ng5 h6 26. Nxf7 Kxf7 27. Qf3+ Ke7 28. Qxc6 Qxa3 29. Qe4 Kf8 30. h3 Kg8 31. Rd1 Qa4 32. Qd3 Qc6 33. Qg6 Qe8 34. Qc2 Qf7 35. Qc4 Qd7 36. Qa6 Qc7 37. Qa4 Kh8 38. Qa6 Qc2 39. Rf1 Rd7 40. d5 exd5 41. Qb5 {[%eval -11,32]}) 21... Qc4 {besser ist Dxe2, Stockfish +0,20} 22. Qe3 {besser ist Kf1, Stockfish -0,60} Qb5 23. Ba1 {besser ist Lc1, Stockfish -0,80} Nc4 {besser ist Tc8, Stockfish +0,40} 24. Qd3 Qa4 {immer noch war Tc8 die bessere Wahl, nach dem Textzug ist die Stellung im Lot, Stockfish 0,00} 25. d5 Bxa1 26. Rxa1 Rd8 27. h3 h6 28. Kh1 a6 29. Kg1 exd5 30. exd5 b5 31. Qe4 Nb6 32. Qe7 Rxd5 33. Qe8+ Kh7 34. Qxf7 Rd1+ 35. Kh2 Rxa1 36. Ng5+ hxg5 37. Qh5+ Kg8 38. Qe8+ Kh7 39. Qh5+ Kg8 40. Qe8+ Kh7 41. Qh5+ {Stellungswiederholung} 1/2-1/2